000
00289nam a22001337a 4500
008
171002b xxu||||| |||| 00| 0 eng d
020
_a
9780844250502
041
_a
eng
080
_a
37
100
_a
47
101
_a
EDU
245
_a
THE BASIC SPEECH
_c
COOPER.G
942
_2
udc
_c
BK
999
_c
31139
_d
31139